000 00672nam a2200229 i 4500
001 16338
003 ES-MaACL
005 20230906151311.0
007 t|
008 000830s1994 sp ||||1| spa d
020 _a84-7979-162-4
080 _a821.133.1(64)-31"19"
100 1 _aChraibi, Driss.
_938639
245 1 0 _aNacimiento al alba /
_cDriss Chraibi ; traducido del francés por Mauricio Wácquez.
260 _aMadrid :
_bAnaya :
_bMario Muchnik,
_c[1994]
300 _a162 p. ;
_c22 cm.
490 1 _aAnalectas
700 1 _aWacquez, Mauricio.
_9115802
830 0 _aAnalectas
_9179396
852 _aES-MaACL
_jL-23498
_bR.128601
999 _c16338
_d16338